00380 2200157 4500001002100000005001500021035002000036245003500056100001900091300002600110260003000136082000800166084001400174020002200188990001200210INLIS00000000000293820250917093313 a0010-09250002851 aGood Bye Day /cArnold Leonard0 aArnold Leonard a204 hlm ;c14 x 21 cm aJakarta :bAnugrah,c2018 a813 a813 ARN g a978-602-6409-62-1 a0755695